Statistics for Who Did That 1980s Song #3

Click here to take the quiz!

General Stats

  • This quiz has been taken 40,651 times
  • The average score is 13 of 22

Answer Stats

YearSongArtist or Group% Correct
1980Another One Bites the DustQueen
91%
1988Sweet Child O' MineGuns N' Roses
88%
1982AfricaToto
85%
1985Take on MeA-ha
79%
1987Never Gonna Give
You Up
Rick Astley
77%
1984Wake Me Up Before
You Go-Go
Wham!
77%
1985Summer of '69Bryan Adams
75%
1989We Didn't Start the FireBilly Joel
74%
1980You Shook Me All
Night Long
AC/DC
65%
1984What's Love Got To
Do With It
Tina Turner
65%
1981PhysicalOlivia Newton-John
59%
1988KokomoThe Beach Boys
59%
1985Everybody Wants to
Rule the World
Tears for Fears
57%
1984FootlooseKenny Loggins
55%
1984West End GirlsPet Shop Boys
49%
1986Take My Breath AwayBerlin
43%
1981Jessie's GirlRick Springfield
43%
1984PanamaVan Halen
43%
1984Can't Fight This FeelingREO Speedwagon
35%
1981I Can't Go for That
(No Can Do)
Daryl Hall &
John Oates
32%
1988Hangin' ToughNew Kids
on the Block
32%
1989Blame it on the RainMilli Vanilli
29%

Score Distribution

Percentile by Number Answered

Percent of People with Each Score

Your Score History

You have not taken this quiz